The theory of macroeconomics policy
Na minha lista:
| Autor principal: | |
|---|---|
| Formato: | Livro |
| Idioma: | inglês |
| Publicado em: |
Englewood Cliffs
Prentice-Hall
1975
|
| Edição: | 2a. ed |
| Assuntos: | |
| Tags: |
Adicionar Tag
Sem tags, seja o primeiro a adicionar uma tag!
|
MARC
| LEADER | 00000nam a2200000 a 4500 | ||
|---|---|---|---|
| 001 | UCQ1294 | ||
| 003 | CL-VaPUC | ||
| 008 | 980709e19750000us |||||||||||||||||eng|d | ||
| 082 | 0 | 4 | |a 339 |b BAR |2 21 |
| 100 | 0 | |a Barrett, Nancy Smith |e author |9 415036 | |
| 245 | 1 | 4 | |a The theory of macroeconomics policy |
| 250 | |a 2a. ed | ||
| 300 | |a 483 p | ||
| 942 | |c BK | ||
| 945 | |d 19980709 00:00:00 |a crobeson | ||
| 260 | |a Englewood Cliffs |b Prentice-Hall |c 1975 | ||
| 650 | 0 | |a Macroeconomía |9 260301 | |
| 650 | 0 | |a Política económica |9 255029 | |
| 650 | 0 | |a Economía internacional |9 258254 | |
| 650 | 0 | |a Consumo |9 333893 | |
| 650 | 7 | |a DEMANDA |2 CL-VaPUC |9 255172 | |
| 650 | 7 | |a INTERESES |2 CL-VaPUC |9 358017 | |
| 650 | 0 | |a Dinero |9 314331 | |
| 650 | 0 | |a Precios |9 260787 | |
| 650 | 0 | |a Inflación |9 257218 | |
| 583 | |a last modification |c 20150428 03:59:56 |k Rodrigo Vera | ||
| 999 | |c 272296 |d 272294 | ||
| 952 | |0 0 |1 0 |4 0 |6 339_000000000000000_BAR_1975 |7 0 |8 A |9 307191 |a BIBENE |b BIBENE |d 2019-11-20 |i 143506K |o 339 BAR 1975 |p 143506K |r 2025-01-15 |w 2019-11-20 |y BK |k ICO | ||